| 000 | 00798nam a2200193 a 4500 | ||
|---|---|---|---|
| 005 | 20140412111319.0 | ||
| 008 | 000824s19uu xx 00 eng d | ||
| 020 | _a0-8234-1509-0 | ||
| 050 |
_aM 634.11 _bH689 1997 |
||
| 100 | _aHodges, Margaret | ||
| 245 |
_aThe True tale of Johnny Appleseed / _cby Margaret Hodges ; illustrated by Kimberly Bulcken Root. |
||
| 260 |
_aNew York : _bHoliday House, _c1997. |
||
| 300 | _a1 v. (unp.) ; ill. | ||
| 520 | _aRelates the story of the man who traveled west planting apple seeds to make the country a better place to live. | ||
| 650 | _aAppleseed, Johnny, 1774-1845-Juvenile literature | ||
| 650 | _aApple growers-United States-Biography-Juvenile literature | ||
| 650 | _aFrontier and pioneer life-Middle West-Juvenile literature | ||
| 999 |
_c104320 _d104320 |
||